<?xml version="1.0" encoding="UTF-8"?>
<collection xmlns="http://www.loc.gov/MARC21/slim">
 <record>
  <leader>00602pamaa2200169   4500</leader>
  <controlfield tag="001">0000040576</controlfield>
  <controlfield tag="005">20060608090000.0</controlfield>
  <datafield tag="020" ind1="0" ind2="0">
   <subfield code="a">1591950899 (pbk) </subfield>
  </datafield>
  <datafield tag="090" ind1="0" ind2="0">
   <subfield code="a">RM302 </subfield>
   <subfield code="b">LEX 2004</subfield>
  </datafield>
  <datafield tag="245" ind1="1" ind2="0">
   <subfield code="a">LEXI-comp's drug interactions handbook : </subfield>
   <subfield code="b">the new standard for drug and herbal interactions  </subfield>
   <subfield code="c">Kenneth A. Bachmann... [et al.].</subfield>
  </datafield>
  <datafield tag="260" ind1="0" ind2="0">
   <subfield code="a">Ohio: </subfield>
   <subfield code="b">Lexi-Comp, </subfield>
   <subfield code="c">2004.</subfield>
  </datafield>
  <datafield tag="300" ind1=" " ind2=" ">
   <subfield code="a">789p.; </subfield>
   <subfield code="c">28 cm.</subfield>
  </datafield>
  <datafield tag="650" ind1="0" ind2="0">
   <subfield code="a">Drug interactions -- </subfield>
   <subfield code="x">Handbooks, manuals, etc </subfield>
  </datafield>
  <datafield tag="650" ind1="0" ind2="0">
   <subfield code="a">Drug-herb interactions -- </subfield>
   <subfield code="x">Handbooks, manuals, etc </subfield>
  </datafield>
  <datafield tag="650" ind1="0" ind2="0">
   <subfield code="a">Drug Interactions -- </subfield>
   <subfield code="x">Handbooks </subfield>
  </datafield>
  <datafield tag="700" ind1="1" ind2="1">
   <subfield code="a">Bachmann, </subfield>
   <subfield code="h">Kenneth A </subfield>
  </datafield>
 </record>
</collection>
